000 00314nam a22001217a 4500
008 160511b xxu||||| |||| 00| 0 eng d
020 _a9780134460970
020 _a0134460979
041 _aeng
080 _a61
245 _aThe human evoluution source book:
_cRussell L. Ciochon; John G. Faeagle;
942 _2udc
_cBK
999 _c2019
_d2019